[Event "XXXVII Olimpiadi femminile"]
[Site "Torino ITA"]
[Date "2006.05.30"]
[Round "9.3"]
[White "Gara, Anita"]
[Black "Lomineishvili, Maia"]
[Result "0-1"]
[WhiteElo "2367"]
[BlackElo "2395"]
[Annotator "HUN-GEO"]
[PlyCount "102"]
[EventDate "2006.05.21"]

1. e4 c6 2. d4 d5 3. e5 Bf5 4. c4 e6 5. Nc3 Ne7 6. a3 dxc4 7. Bxc4 Nd5 8. Nge2
Be7 9. Ng3 Bg6 10. O-O O-O 11. f4 Qd7 12. Kh1 b5 13. Bb3 a5 14. Qf3 Nxc3 15.
bxc3 a4 16. Ba2 Na6 17. f5 exf5 18. d5 cxd5 19. Bxd5 Rad8 20. Bc6 Qe6 21. Bxb5
Nc5 22. Bf4 Rc8 23. Ne2 Ne4 24. c4 Bc5 25. h3 Rfd8 26. Ra2 Qb6 27. Kh2 Qe6 28.
Rc2 Qe7 29. Bxa4 Bxa3 30. Ng3 Bb4 31. Nxe4 fxe4 32. Qg4 e3 33. Rcc1 Bd2 34. Ra1
Rxc4 35. Bb3 Rxf4 36. Rxf4 Qxe5 37. Rd1 Re8 38. Rxd2 exd2 39. Bd1 Bd3 40. Qg3
Be2 41. Bb3 d1=Q 42. Bxd1 Bxd1 43. h4 h6 44. Kh3 Rb8 45. Qf2 Rb3+ 46. g3 Rb2
47. Qg1 Qe6+ 48. g4 Rb3+ 49. Kg2 Bxg4 50. Qf2 Bh3+ 51. Kh2 Qe5 0-1

[Event "XXXVII Olimpiadi femminile"]
[Site "Torino ITA"]
[Date "2006.05.30"]
[Round "9.2"]
[White "Hoang, Thi Bao Tram"]
[Black "Voiska, Margarita"]
[Result "1/2-1/2"]
[WhiteElo "2349"]
[BlackElo "2314"]
[Annotator "BUL-VIE"]
[PlyCount "131"]
[EventDate "2006.05.21"]

1. e4 c5 2. Nc3 Nc6 3. g3 g6 4. Bg2 Bg7 5. Nge2 d6 6. d3 e5 7. Be3 Nge7 8. O-O
O-O 9. a3 b6 10. f4 exf4 11. Nxf4 Rb8 12. Rb1 b5 13. Ncd5 a5 14. Kh1 b4 15.
axb4 axb4 16. Nxe7+ Qxe7 17. Nd5 Qd8 18. Qd2 Be6 19. Bg5 f6 20. Bh6 Bxd5 21.
Bxg7 Kxg7 22. exd5 Ne5 23. c3 Qb6 24. Qc2 f5 25. Rfe1 Rfc8 26. h3 Rc7 27. c4
Re8 28. Ra1 Rce7 29. b3 Kg8 30. Qd2 Qd8 31. Kh2 Rd7 32. d4 cxd4 33. Qxd4 Rde7
34. Rf1 Nd7 35. Ra4 Nc5 36. Rxb4 Re2 37. Rf2 Rxf2 38. Qxf2 Nd3 39. Qd2 Qa5 40.
Qxd3 Qxb4 41. h4 Qe1 42. Qd4 Qe3 43. Qf6 Qe7 44. Qd4 Qe3 45. Qf6 Qe5 46. Qg5
Rb8 47. h5 Kg7 48. Qh4 Rxb3 49. c5 dxc5 50. h6+ Kf7 51. d6 Rb2 52. Qc4+ Qe6 53.
Qc3 Rxg2+ 54. Kxg2 Qe2+ 55. Kg1 Qd1+ 56. Kg2 Qd5+ 57. Kh2 Qd4 58. Qb3+ Kf6 59.
Qb8 Qd2+ 60. Kg1 Qd1+ 61. Kg2 Qe2+ 62. Kg1 Qe3+ 63. Kg2 Qd2+ 64. Kg1 Qd4+ 65.
Kg2 Qd5+ 66. Kg1 1/2-1/2

[Event "XXXVII Olimpiadi femminile"]
[Site "Torino ITA"]
[Date "2006.05.30"]
[Round "9.3"]
[White "Velcheva, Maria"]
[Black "Le, Thanh Tu"]
[Result "1-0"]
[WhiteElo "2279"]
[BlackElo "2239"]
[Annotator "BUL-VIE"]
[PlyCount "113"]
[EventDate "2006.05.21"]

1. e4 c5 2. Nf3 Nc6 3. d4 cxd4 4. Nxd4 Qb6 5. Nb3 Nf6 6. Nc3 e6 7. Bd3 a6 8.
O-O d6 9. Kh1 Qc7 10. f4 b5 11. a3 Bb7 12. Bd2 Be7 13. Qf3 O-O 14. Qh3 Qd7 15.
Rae1 e5 16. f5 Nb8 17. Rf3 Qc7 18. Rg3 Kh8 19. Rf3 Nbd7 20. g4 Ng8 21. g5 f6
22. g6 h6 23. Qg4 Rfc8 24. Rh3 Bf8 25. Nd5 Bxd5 26. exd5 Nb6 27. Be4 Nc4 28.
Bc1 Qb6 29. Nd2 Nxd2 30. Bxd2 Rc4 31. Qe2 Rac8 32. Rc3 Ne7 33. Rxc4 Rxc4 34. b3
Rc7 35. Qe3 Qb8 36. Ba5 Rb7 37. Qc3 Nc8 38. Qd3 Nb6 39. c4 bxc4 40. bxc4 Nd7
41. Rb1 Be7 42. Rxb7 Qxb7 43. Bb4 Qa7 44. Kg2 Qc7 45. Kf3 Qc8 46. Qc2 Qb8 47.
Qa4 Qc8 48. Qc6 Qd8 49. Bxd6 Kg8 50. Bxe7 Qxe7 51. d6 Qd8 52. Qxa6 Nb8 53. Qb7
Nd7 54. Bd5+ Kh8 55. Qc7 Qe8 56. Bc6 e4+ 57. Ke3 1-0

[Event "XXXVII Olimpiadi femminile"]
[Site "Torino ITA"]
[Date "2006.05.30"]
[Round "9.2"]
[White "Kachiani-Gersinska, Ketino"]
[Black "Danielian, Elina"]
[Result "0-1"]
[WhiteElo "2421"]
[BlackElo "2422"]
[Annotator "ARM-GER"]
[PlyCount "60"]
[EventDate "2006.05.21"]

1. d4 d5 2. c4 c6 3. e3 Nf6 4. Nf3 e6 5. Bd3 dxc4 6. Bxc4 Nbd7 7. O-O Bd6 8.
Nc3 b5 9. Bb3 b4 10. Nb1 Bb7 11. Nbd2 c5 12. Nc4 Bc7 13. Nfe5 O-O 14. Qe2 a5
15. Rd1 Qb8 16. Nxd7 Nxd7 17. Qh5 Bd5 18. dxc5 a4 19. Bc2 g6 20. Qh6 Nxc5 21.
Rd4 f5 22. b3 axb3 23. Bb2 Rf7 24. axb3 Rxa1+ 25. Bxa1 Qa8 26. Bb2 Qa2 27. Rh4
e5 28. e4 Bxc4 29. exf5 Qxb2 30. Rxc4 Qa1+ 0-1

[Event "XXXVII Olimpiadi femminile"]
[Site "Torino ITA"]
[Date "2006.05.30"]
[Round "9.3"]
[White "Andriasian, Siranush"]
[Black "Juergens, Vera"]
[Result "1-0"]
[WhiteElo "2237"]
[BlackElo "2330"]
[Annotator "ARM-GER"]
[PlyCount "121"]
[EventDate "2006.05.21"]

1. e4 e5 2. Nf3 Nc6 3. Bb5 g6 4. d3 Bg7 5. Bg5 Nge7 6. Qd2 h6 7. Be3 Nd4 8. Ba4
c6 9. c3 Nxf3+ 10. gxf3 d5 11. d4 Bh3 12. Rg1 Qc7 13. Rg3 Be6 14. Na3 O-O-O 15.
O-O-O g5 16. Kb1 dxe4 17. fxe4 f5 18. f4 exf4 19. Bxf4 gxf4 20. Rxg7 fxe4 21.
c4 e3 22. Qb4 c5 23. dxc5 Bf5+ 24. Ka1 a5 25. Qc3 Rxd1+ 26. Bxd1 Rd8 27. Be2
Qxc5 28. Nb5 Nc6 29. Rc7+ Kb8 30. Qg7 Bc8 31. a3 Qe5 32. Qf7 Nd4 33. Re7 Nb3+
34. Ka2 Nc1+ 35. Kb1 Qf5+ 36. Qxf5 Bxf5+ 37. Kxc1 Rg8 38. Nc3 Rg1+ 39. Nd1 b6
40. Rf7 Bg4 41. Bxg4 Rxg4 42. Nc3 Rg1+ 43. Kc2 Rg2+ 44. Kd1 Rg1+ 45. Ke2 Rg2+
46. Kf1 Rf2+ 47. Ke1 f3 48. Re7 Rxh2 49. Rxe3 Rxb2 50. Rxf3 Rb3 51. Rf8+ Kb7
52. Nb5 Re3+ 53. Kd2 Re6 54. Rf7+ Kb8 55. Rh7 Rg6 56. Kd3 Rg3+ 57. Kd4 Rg4+ 58.
Kd5 Rg5+ 59. Kc6 Rc5+ 60. Kxb6 Rxc4 61. Nd6 1-0

[Event "XXXVII Olimpiadi femminile"]
[Site "Torino ITA"]
[Date "2006.05.30"]
[Round "9.1"]
[White "Cmilyte, Viktorija"]
[Black "Muzychuk, Anna"]
[Result "1/2-1/2"]
[WhiteElo "2470"]
[BlackElo "2418"]
[Annotator "LTU-SLO"]
[PlyCount "111"]
[EventDate "2006.05.21"]

1. d4 d5 2. c4 e5 3. dxe5 d4 4. Nf3 Nc6 5. g3 Nge7 6. Bg2 Ng6 7. Bg5 Qd7 8. Qb3
Bb4+ 9. Bd2 Bxd2+ 10. Nbxd2 O-O 11. O-O Ncxe5 12. Nxe5 Nxe5 13. Rad1 Qe7 14.
Nf3 Nxf3+ 15. Bxf3 Rd8 16. Rfe1 Qf6 17. Bg2 c6 18. e3 dxe3 19. Rxd8+ Qxd8 20.
Rxe3 Be6 21. Qxb7 Qd1+ 22. Bf1 Rd8 23. Qxc6 g6 24. Rxe6 fxe6 25. Qxe6+ Kg7 26.
c5 Rd2 27. Qe7+ Kg8 28. Qe8+ Kg7 29. Qe5+ Kg8 30. Kg2 Qc2 31. Qe8+ Kg7 32. Qe5+
Kg8 33. Qb8+ Kg7 34. Qxa7+ Kh6 35. Qf7 Qxc5 36. Qf4+ Qg5 37. Qf8+ Kh5 38. Qf3+
Kh6 39. h4 Qd8 40. Qe3+ Kg7 41. Qc3+ Kh6 42. Qe3+ Kg7 43. Qc3+ Kh6 44. a4 Qd5+
45. Kg1 Rd1 46. Qe3+ Kg7 47. Qc3+ Kh6 48. Qe3+ Kg7 49. Qe2 Ra1 50. b3 Kf8 51.
Qe3 Rb1 52. Qf4+ Ke7 53. Qc7+ Kf8 54. Qf4+ Ke7 55. Qc7+ Kf8 56. Qf4+ 1/2-1/2

[Event "XXXVII Olimpiadi femminile"]
[Site "Torino ITA"]
[Date "2006.05.30"]
[Round "9.3"]
[White "Daulyte, Deimante"]
[Black "Novak, Ksenija"]
[Result "1/2-1/2"]
[WhiteElo "2230"]
[BlackElo "2182"]
[Annotator "LTU-SLO"]
[PlyCount "117"]
[EventDate "2006.05.21"]

1. e4 c5 2. Nf3 e6 3. d4 cxd4 4. Nxd4 Nf6 5. Nc3 Nc6 6. Ndb5 d6 7. Bf4 e5 8.
Bg5 a6 9. Na3 b5 10. Nd5 Be7 11. Bxf6 Bxf6 12. c3 O-O 13. Nc2 Bg5 14. a4 bxa4
15. Rxa4 a5 16. Bc4 Rb8 17. b3 Kh8 18. O-O f5 19. Re1 fxe4 20. Rxe4 Bf5 21. Re2
Bg4 22. f3 Bh5 23. b4 axb4 24. Ncxb4 Qd7 25. Ra6 Nxb4 26. Nxb4 Qc7 27. Qd5 Bf7
28. Qc6 Qxc6 29. Rxc6 Bxc4 30. Rxc4 Rfc8 31. Ree4 Rxc4 32. Rxc4 h6 33. Kf2 Bd2
34. Nd5 Rb5 35. Rc8+ Kh7 36. c4 Rb2 37. Kg3 Be1+ 38. Kh3 Bf2 39. Nc3 Rc2 40.
Ne4 Bc5 41. Rc7 Bb6 42. Rc6 Bc5 43. Nxd6 Bxd6 44. Rxd6 Rxc4 45. Re6 Rc5 46. Kg4
Rc2 47. Kg3 Rc5 48. h4 Kg8 49. Re7 Kh7 50. h5 e4 51. fxe4 Rxh5 52. Kf4 Kg6 53.
Re6+ Kf7 54. Ra6 Rb5 55. e5 Rb2 56. g4 Rf2+ 57. Ke4 Re2+ 58. Kf4 Rf2+ 59. Ke4
1/2-1/2

[Event "XXXVII Olimpiadi femminile"]
[Site "Torino ITA"]
[Date "2006.05.30"]
[Round "9.1"]
[White "Starr, Nava"]
[Black "Sedina, Elena"]
[Result "1-0"]
[WhiteElo "2169"]
[BlackElo "2373"]
[Annotator "CAN-ITA1"]
[PlyCount "88"]
[EventDate "2006.05.21"]

1. e4 e6 2. d4 d5 3. Bd3 c5 4. c3 dxe4 5. Bxe4 Nf6 6. Bf3 cxd4 7. cxd4 Nc6 8.
Ne2 e5 9. Bxc6+ bxc6 10. O-O e4 11. Nbc3 Bd6 12. Ng3 Bxg3 13. fxg3 h6 14. Bf4
O-O 15. h3 Ba6 16. Re1 Bd3 17. Qa4 Qb6 18. b3 Rfe8 19. Rad1 a5 20. Kh2 Rad8 21.
Be3 Qb4 22. Rc1 Re6 23. a3 Qxa4 24. Nxa4 Nd5 25. Nc5 Re7 26. Bd2 f5 27. Bxa5
Ra8 28. Bd2 Rae8 29. Nxd3 exd3 30. Rxe7 Rxe7 31. a4 Re2 32. Rd1 Re4 33. a5 Rxd4
34. a6 Nc7 35. a7 Na8 36. Rc1 Rd7 37. Be3 d2 38. Rd1 Kf7 39. Rxd2 Rxd2 40. Bxd2
Ke6 41. b4 Kd5 42. Be3 Ke4 43. Bc5 h5 44. Kg1 g5 1-0

[Event "XXXVII Olimpiadi femminile"]
[Site "Torino ITA"]
[Date "2006.05.30"]
[Round "9.2"]
[White "Zimina, Olga"]
[Black "Khaziyeva, Dinara"]
[Result "1/2-1/2"]
[WhiteElo "2404"]
[BlackElo "2103"]
[Annotator "CAN-ITA1"]
[PlyCount "132"]
[EventDate "2006.05.21"]

1. e4 e5 2. Nf3 d6 3. d4 Nf6 4. Nc3 Nbd7 5. Bc4 Be7 6. O-O O-O 7. Re1 c6 8. a4
Qc7 9. Bg5 h6 10. Bh4 g6 11. a5 Re8 12. d5 Nf8 13. Bxf6 Bxf6 14. h3 c5 15. Bd3
g5 16. Nd2 Ng6 17. Nc4 Qe7 18. a6 b6 19. Nb5 Rd8 20. Be2 Bg7 21. Bg4 Bf8 22.
Ne3 Bxg4 23. hxg4 Qd7 24. c4 Ne7 25. Kf1 Kh7 26. Ke2 Bg7 27. Rh1 Rh8 28. Kd2
Bf8 29. Qf3 Kg7 30. Kc2 Rd8 31. Rh3 Kg8 32. Nf1 Ng6 33. Rh2 Nh4 34. Qe2 Qe7 35.
Ne3 Rd7 36. g3 Ng6 37. Qf3 Qd8 38. Nf5 Ne7 39. Nfxd6 Rxd6 40. Nxa7 Qa8 41. Nb5
Rd7 42. a7 Rh7 43. Qf6 Rb7 44. Ra6 Nc8 45. Qc6 f6 46. f3 Rhf7 47. Qxc8 Qxc8 48.
a8=Q Rb8 49. Qxb8 Qxb8 50. Rh1 Rb7 51. Rha1 Qd8 52. Ra8 Qd7 53. Rh1 Qf7 54. Nd6
Qd7 55. Nxb7 Qxb7 56. Rha1 b5 57. R1a7 Qb6 58. Ra6 Qb7 59. R8a7 Qb8 60. Ra8 Qb7
61. R6a7 Qb6 62. Ra6 Qb7 63. R8a7 Qb8 64. Ra8 Qb7 65. R8a7 Qb8 66. Ra8 Qb7
1/2-1/2

[Event "XXXVII Olimpiadi femminile"]
[Site "Torino ITA"]
[Date "2006.05.30"]
[Round "9.3"]
[White "Smith, Hazel"]
[Black "Ambrosi, Eleonora"]
[Result "1-0"]
[WhiteElo "2035"]
[BlackElo "2136"]
[Annotator "CAN-ITA1"]
[PlyCount "117"]
[EventDate "2006.05.21"]

1. e4 c5 2. Nf3 Nc6 3. d4 cxd4 4. Nxd4 Qc7 5. Nc3 e6 6. Be2 a6 7. O-O Nf6 8.
Kh1 Bb4 9. Bg5 Qd6 10. Bxf6 gxf6 11. Nb3 Qxd1 12. Nxd1 b6 13. Ne3 Bd6 14. Rfd1
Bc7 15. a4 Bb7 16. f3 Ke7 17. Nc4 Ne5 18. Ne3 Ng6 19. a5 b5 20. c4 Bf4 21. Nc2
Rac8 22. Na3 bxc4 23. Nxc4 Ne5 24. Nd6 Rc2 25. Nd4 Rxb2 26. Nxb7 Rxb7 27. Bxa6
Rb2 28. Bf1 Be3 29. a6 Nc6 30. Nxc6+ dxc6 31. Ra3 Bb6 32. Rad3 Rd8 33. Ra1 Rxd3
34. Bxd3 Ba7 35. h4 Kd6 36. Kh2 Ke5 37. Kh3 Kf4 38. Bf1 Ke3 39. Kg4 c5 40. Rd1
Rd2 41. Rb1 Rd7 42. Kh5 Rc7 43. Rb2 c4 44. Kh6 c3 45. Rc2 Kd4 46. Kxh7 Rc8 47.
Kg7 Rb8 48. h5 Rb2 49. Rc1 c2 50. h6 Kc3 51. h7 Bd4 52. Kxf7 f5 53. Kxe6 fxe4
54. fxe4 Kd2 55. a7 Ra2 56. e5 Rxa7 57. h8=Q Kxc1 58. Bd3 Ra5 59. Bxc2 1-0

[Event "XXXVII Olimpiadi femminile"]
[Site "Torino ITA"]
[Date "2006.05.30"]
[Round "9.1"]
[White "Peptan, Corina-Isabela"]
[Black "Pina Vega, Sulennis"]
[Result "1/2-1/2"]
[WhiteElo "2408"]
[BlackElo "2334"]
[Annotator "ROU-CUB"]
[PlyCount "58"]
[EventDate "2006.05.21"]

1. e4 c5 2. c3 d6 3. d4 Nf6 4. Bd3 g6 5. h3 Bg7 6. Nf3 O-O 7. O-O Nc6 8. Re1 e5
9. dxc5 dxc5 10. Na3 h6 11. Nc4 Qc7 12. Be3 b6 13. a4 Rd8 14. Qc2 Be6 15. Bf1
Ne8 16. Rad1 Rxd1 17. Rxd1 Rd8 18. Rxd8 Qxd8 19. Na3 Nd6 20. Nd2 Na5 21. b4
cxb4 22. cxb4 Nab7 23. Ba6 Qd7 24. Kh2 f5 25. exf5 Nxf5 26. Bc4 Bxc4 27. Naxc4
Kh7 28. b5 Nd4 29. Qd1 Nc5 1/2-1/2

[Event "XXXVII Olimpiadi femminile"]
[Site "Torino ITA"]
[Date "2006.05.30"]
[Round "9.3"]
[White "Bogza, Adina-Maria"]
[Black "Arribas Robaina, Maritza"]
[Result "1-0"]
[WhiteElo "2297"]
[BlackElo "2235"]
[Annotator "ROU-CUB"]
[PlyCount "101"]
[EventDate "2006.05.21"]

1. d4 Nf6 2. g3 g6 3. Bg2 Bg7 4. e4 d6 5. Nc3 O-O 6. h3 c5 7. dxc5 dxc5 8. e5
Qxd1+ 9. Nxd1 Nfd7 10. f4 f6 11. e6 Nb6 12. a4 Na6 13. c3 f5 14. Ne3 Rb8 15. a5
Na8 16. Nf3 N8c7 17. O-O Bf6 18. Nc4 Bxe6 19. Nfe5 Rfd8 20. Be3 Bd5 21. Rfd1
Bxe5 22. Nxe5 Bxg2 23. Kxg2 Nd5 24. Bf2 Nf6 25. g4 Rd6 26. gxf5 gxf5 27. Kf3
Rxd1 28. Rxd1 Rc8 29. Bh4 Nb8 30. Bxf6 exf6 31. Nd7 Nc6 32. a6 b6 33. Nxf6+ Kg7
34. Rd6 Nb8 35. Nd5 c4 36. Nxb6 Rc7 37. Nd5 Rc5 38. Ne3 h6 39. Rd4 Nxa6 40.
Rd7+ Kg8 41. Rxa7 Nc7 42. Ra4 Rb5 43. Rxc4 Ne6 44. b4 Kf7 45. Rc8 Kf6 46. c4
Rb7 47. Nd5+ Kf7 48. b5 Ra7 49. b6 Ra3+ 50. Kf2 Rb3 51. c5 1-0

[Event "XXXVII Olimpiadi femminile"]
[Site "Torino ITA"]
[Date "2006.05.30"]
[Round "9.1"]
[White "Radziewicz, Iweta"]
[Black "Skripchenko, Almira"]
[Result "0-1"]
[WhiteElo "2439"]
[BlackElo "2423"]
[Annotator "POL-FRA"]
[PlyCount "102"]
[EventDate "2006.05.21"]

1. c4 Nf6 2. Nc3 e6 3. e4 d5 4. e5 Nfd7 5. cxd5 exd5 6. Nf3 d4 7. Ne4 Nxe5 8.
Nxe5 Qd5 9. Bd3 Qxe5 10. O-O Nc6 11. f4 Qd5 12. Qf3 Ne7 13. Re1 Qc6 14. a4 a6
15. f5 f6 16. b3 Kd8 17. g4 h5 18. h3 hxg4 19. hxg4 Nd5 20. Bc4 Nb4 21. Bb2 Nc2
22. Qd3 Nxe1 23. Rxe1 Bd7 24. Bxd4 Be7 25. Bf2 Kc8 26. Bd5 Rh3 27. Qxh3 Qxd5
28. Nc3 Qf7 29. Qe3 Bd8 30. Qe4 Kb8 31. d4 a5 32. d5 Ra6 33. Bc5 g6 34. fxg6
Qg8 35. Rf1 Be8 36. g7 f5 37. Rxf5 Qxg7 38. Bd4 Qg8 39. Re5 Bd7 40. Nd1 Rg6 41.
Nf2 Bf6 42. Kf1 Bxe5 43. Bxe5 Bxg4 44. Qf4 Qxd5 45. Bxc7+ Ka7 46. Be5 Bd7 47.
Bd4+ b6 48. Qc7+ Qb7 49. Qe5 Ka8 50. Ne4 Re6 51. Qh8+ Re8 0-1

[Event "XXXVII Olimpiadi femminile"]
[Site "Torino ITA"]
[Date "2006.05.30"]
[Round "9.2"]
[White "Milliet, Sophie"]
[Black "Przezdziecka, Marta"]
[Result "1-0"]
[WhiteElo "2330"]
[BlackElo "2265"]
[Annotator "POL-FRA"]
[PlyCount "89"]
[EventDate "2006.05.21"]

1. e4 c5 2. Nf3 e6 3. c3 d5 4. exd5 exd5 5. d4 Nf6 6. Bb5+ Bd7 7. Bxd7+ Nbxd7
8. O-O Be7 9. Bf4 O-O 10. dxc5 Bxc5 11. Nbd2 Re8 12. Nb3 Qb6 13. Nxc5 Nxc5 14.
Be3 Qc7 15. Nd4 Re4 16. h3 b6 17. Bg5 Ncd7 18. Qd2 h6 19. Be3 Rae8 20. Nb5 Qb8
21. a4 Ne5 22. b3 Neg4 23. hxg4 Nxg4 24. g3 Nxe3 25. Rfe1 Nf5 26. Rxe4 dxe4 27.
Qf4 Qxf4 28. gxf4 Re7 29. a5 Rb7 30. a6 Rd7 31. Re1 Re7 32. Rd1 g5 33. Rd8+ Kg7
34. fxg5 hxg5 35. Ra8 e3 36. fxe3 Rxe3 37. Rxa7 g4 38. Rd7 g3 39. Rd1 Re2 40.
Nd4 Nxd4 41. Rxd4 b5 42. c4 b4 43. c5 Rc2 44. Rxb4 f5 45. a7 1-0

[Event "XXXVII Olimpiadi femminile"]
[Site "Torino ITA"]
[Date "2006.05.30"]
[Round "9.1"]
[White "Popova, Natalija"]
[Black "Klinova, Masha"]
[Result "0-1"]
[WhiteElo "2223"]
[BlackElo "2357"]
[Annotator "BLR-ISR"]
[PlyCount "206"]
[EventDate "2006.05.21"]

1. e4 c6 2. d4 g6 3. Nc3 Bg7 4. f4 d5 5. e5 h5 6. Bd3 Nh6 7. Nf3 Bf5 8. Be3 e6
9. Qd2 Bxd3 10. Qxd3 Qa5 11. O-O Qa6 12. Qd2 Nd7 13. Bf2 Bf8 14. Ne2 Nf5 15. c3
Be7 16. Nc1 c5 17. dxc5 Nxc5 18. Bxc5 Bxc5+ 19. Nd4 Bxd4+ 20. cxd4 O-O 21. Ne2
Rfc8 22. b3 Qb6 23. Rac1 a5 24. Kh1 Qb4 25. Qxb4 axb4 26. Rxc8+ Rxc8 27. Rc1
Rxc1+ 28. Nxc1 Nxd4 29. Nd3 Nc6 30. h4 Kf8 31. Kg1 Ke7 32. Kf2 Kd7 33. Ke3 Kc7
34. Kf3 Nd4+ 35. Kf2 Nc6 36. Kf3 Nd4+ 37. Kf2 Nf5 38. g3 Kb6 39. Kf3 Kb5 40.
Kf2 Nd4 41. Ke3 Nc2+ 42. Kd2 Nd4 43. Ke3 Nf5+ 44. Kf3 b6 45. Kf2 Ne7 46. Ke3
Nc6 47. Kf3 Na5 48. Ke3 Nb7 49. Kd4 Nc5 50. Nf2 Kc6 51. Ke3 Kd7 52. Kd4 Ke7 53.
Ke3 f6 54. Kd4 Kf7 55. Ke3 g5 56. hxg5 fxg5 57. fxg5 Kg6 58. Kf4 d4 59. g4 h4
60. Nh3 b5 61. Kf3 d3 62. Ke3 Nd7 63. Kxd3 Nxe5+ 64. Ke4 Nf7 65. Nf4+ Kxg5 66.
Nxe6+ Kxg4 67. Nf4 Nd6+ 68. Ke3 Nf5+ 69. Ke4 Ng3+ 70. Ke5 Kf3 71. Nh3 Ne2 72.
Kd6 Nc3 73. Kc5 Nxa2 74. Kxb5 Kg3 75. Ng5 h3 76. Nxh3 Kxh3 77. Kc4 Kg3 78. Kd4
Kf3 79. Kd3 Kf4 80. Kd4 Kf5 81. Kd5 Kf6 82. Kd6 Kf7 83. Kd7 Kf8 84. Kd6 Ke8 85.
Ke6 Nc1 86. Kd5 Kd7 87. Kc4 Na2 88. Kd5 Ke7 89. Ke5 Kf7 90. Kd5 Kf6 91. Kd6 Kf5
92. Kd5 Kf4 93. Kd4 Kf3 94. Kd3 Kf2 95. Kd2 Nc3 96. Kd3 Ke1 97. Kc2 Ke2 98. Kb2
Kd2 99. Ka1 Nb5 100. Kb2 Nd4 101. Ka2 Kc3 102. Kb1 Nxb3 103. Ka2 Kd4 0-1

[Event "XXXVII Olimpiadi femminile"]
[Site "Torino ITA"]
[Date "2006.05.30"]
[Round "9.3"]
[White "Berlin, Tatiana"]
[Black "Igla, Bella"]
[Result "0-1"]
[WhiteElo "2207"]
[BlackElo "2288"]
[Annotator "BLR-ISR"]
[PlyCount "74"]
[EventDate "2006.05.21"]

1. e4 c5 2. Nc3 Nc6 3. f4 g6 4. Nf3 Bg7 5. Bb5 Nd4 6. O-O a6 7. Bd3 d6 8. Nxd4
cxd4 9. Ne2 e6 10. c3 dxc3 11. dxc3 Qb6+ 12. Kh1 Nf6 13. Nd4 O-O 14. Qe2 Bd7
15. Be3 Qc7 16. Rad1 e5 17. Nf3 Bg4 18. Qf2 Be6 19. Qh4 Bxa2 20. f5 d5 21. Ng5
dxe4 22. Nxe4 Nxe4 23. Bxe4 Rfd8 24. Bg5 Rd7 25. Rde1 Qb6 26. Rf3 Bd5 27. f6
Bh8 28. Rh3 h5 29. Bxd5 Rxd5 30. Rhe3 Rad8 31. g4 hxg4 32. Re4 Qc6 33. Rxg4
Rd1+ 34. Rge4 Rxe1+ 35. Qxe1 Bxf6 36. Bxf6 Qxf6 37. Qe2 Rd2 0-1

[Event "XXXVII Olimpiadi femminile"]
[Site "Torino ITA"]
[Date "2006.05.30"]
[Round "9.1"]
[White "Aketayeva, Dana"]
[Black "Koneru, Humpy"]
[Result "0-1"]
[WhiteElo "2328"]
[BlackElo "2548"]
[Annotator "KAZ-IND"]
[PlyCount "126"]
[EventDate "2006.05.21"]

1. e4 g6 2. d4 Bg7 3. g3 d6 4. Bg2 Nf6 5. Nc3 O-O 6. Nf3 c6 7. O-O Qc7 8. Bf4
Nbd7 9. Qd2 e5 10. Bh6 b5 11. Bxg7 Kxg7 12. a3 Bb7 13. Rfe1 a6 14. Rad1 Rfe8
15. Nh4 h6 16. Re3 Nf8 17. Nf3 Rad8 18. dxe5 dxe5 19. Rd3 Ne6 20. Qe2 Rxd3 21.
Rxd3 c5 22. Ne1 c4 23. Rd2 Rd8 24. Nd5 Bxd5 25. exd5 Nd4 26. Qd1 Nf5 27. c3 e4
28. Nc2 Qc5 29. Kh1 h5 30. h3 Rxd5 31. Rxd5 Nxd5 32. Qe1 e3 33. Nxe3 Ndxe3 34.
fxe3 Nxe3 35. Qf2 Qe5 36. Bb7 a5 37. Bc6 Nf5 38. g4 hxg4 39. hxg4 Ne3 40. Bf3
Qf4 41. Qe2 g5 42. Kg1 Qg3+ 43. Kh1 Nc2 44. Be4 Ne1 45. Qh2 Qxh2+ 46. Kxh2 Kf6
47. Bc6 Nd3 48. Bxb5 Nxb2 49. Kg3 Ke5 50. Kf3 Kd5 51. Ke3 Nd1+ 52. Kd2 Nf2 53.
Bd7 Ne4+ 54. Kc2 Ke5 55. Bb5 Nd6 56. Bd7 Kf4 57. a4 Ne4 58. Bb5 Kxg4 59. Bxc4
f5 60. Bd5 Kf4 61. c4 g4 62. Kd3 g3 63. c5 g2 0-1

[Event "XXXVII Olimpiadi femminile"]
[Site "Torino ITA"]
[Date "2006.05.30"]
[Round "9.2"]
[White "Harika, Dronavalli"]
[Black "Zigangirova, Sofya"]
[Result "1-0"]
[WhiteElo "2358"]
[BlackElo "2314"]
[Annotator "KAZ-IND"]
[PlyCount "123"]
[EventDate "2006.05.21"]

1. Nf3 c5 2. c4 g6 3. d4 cxd4 4. Nxd4 Bg7 5. e4 Nc6 6. Nc2 Nh6 7. Be2 d6 8. O-O
O-O 9. Nc3 f6 10. Be3 Nf7 11. Qd2 e6 12. Rfd1 Qe7 13. Rac1 Rd8 14. b3 b6 15. f4
f5 16. Bf3 Bb7 17. exf5 gxf5 18. Re1 Qf6 19. Nb5 Rd7 20. Ncd4 Ncd8 21. Rcd1 e5
22. Bxb7 Nxb7 23. Nf3 e4 24. Bd4 Qh6 25. Bxg7 Qxg7 26. Nfd4 Nh6 27. Re3 Kh8 28.
Rg3 Qf6 29. Nc3 Rg8 30. Nd5 Qf7 31. Rh3 Rg6 32. Re1 Nc5 33. Ree3 Ne6 34. Reg3
Ng4 35. Nxe6 Qxe6 36. Qd4+ Kg8 37. Rh5 Rdg7 38. h3 Nf6 39. Rxg6 Rxg6 40. Rxf5
Nd7 41. Ne3 Rg3 42. Kf2 Rg6 43. Qd5 Qxd5 44. Rxd5 Rf6 45. g3 Ne5 46. Ke2 Nd3
47. Rd4 Rh6 48. Rxe4 Nc1+ 49. Kd2 Nxa2 50. h4 Rg6 51. g4 Nb4 52. f5 Rf6 53.
Re8+ Rf8 54. Re6 Rd8 55. Nd5 Nc6 56. Kc3 Ne5 57. g5 Nf3 58. Nf6+ Kf7 59. Nxh7
Nxh4 60. g6+ Kg8 61. Re7 Rf8 62. Nxf8 1-0

[Event "XXXVII Olimpiadi femminile"]
[Site "Torino ITA"]
[Date "2006.05.30"]
[Round "9.3"]
[White "Dauletova, Gulmira"]
[Black "Swathi, Ghate"]
[Result "1-0"]
[WhiteElo "2144"]
[BlackElo "2262"]
[Annotator "KAZ-IND"]
[PlyCount "57"]
[EventDate "2006.05.21"]

1. e4 c5 2. Nf3 e6 3. g3 Nc6 4. Bg2 Nf6 5. Qe2 d5 6. e5 Nd7 7. d3 g6 8. Bf4 Bg7
9. O-O h6 10. h4 Nd4 11. Nxd4 cxd4 12. Re1 Kf8 13. Qd2 Qb6 14. c4 dxc4 15. Na3
c3 16. bxc3 Qa5 17. Nc4 Qxc3 18. Qe2 Qb4 19. Nd6 Ke7 20. Rac1 Qa5 21. Bd2 Qxe5
22. Bb4 Qxe2 23. Rxe2 Ne5 24. Nc4+ Kd8 25. Nxe5 Bxe5 26. Rxe5 f6 27. Rec5 Rb8
28. Rc7 Re8 29. Rf7 1-0

[Event "XXXVII Olimpiadi femminile"]
[Site "Torino ITA"]
[Date "2006.05.30"]
[Round "9.1"]
[White "Medic, Mirjana"]
[Black "Hagarova, Zuzana"]
[Result "1/2-1/2"]
[WhiteElo "2239"]
[BlackElo "2377"]
[Annotator "CRO-SVK"]
[PlyCount "72"]
[EventDate "2006.05.21"]

1. d4 Nf6 2. c4 e6 3. Nc3 Bb4 4. Qc2 O-O 5. a3 Bxc3+ 6. Qxc3 b6 7. Bg5 Bb7 8.
f3 h6 9. Bh4 d5 10. e3 Re8 11. Bd3 Nbd7 12. Ne2 c5 13. cxd5 cxd4 14. Nxd4 Nxd5
15. Bxd8 Nxc3 16. Bh4 Ne5 17. Bb5 Nxb5 18. Nxb5 g5 19. Bg3 Nd3+ 20. Kd2 Red8
21. Kc2 Rac8+ 22. Nc3 a5 23. Rad1 Ba6 24. Rd2 Nc5 25. Rhd1 Rxd2+ 26. Rxd2 Bf1
27. Be5 a4 28. g3 Kh7 29. Rd6 b5 30. Kd2 Bc4 31. e4 Kg6 32. Nd1 Nb7 33. Rd7 Nc5
34. Rd6 Nb7 35. Rd7 Nc5 36. Rd6 Nb7 1/2-1/2

[Event "XXXVII Olimpiadi femminile"]
[Site "Torino ITA"]
[Date "2006.05.30"]
[Round "9.2"]
[White "Pokorna, Regina"]
[Black "Stock, Lara"]
[Result "0-1"]
[WhiteElo "2338"]
[BlackElo "2200"]
[Annotator "CRO-SVK"]
[PlyCount "138"]
[EventDate "2006.05.21"]

1. e4 c6 2. d4 d5 3. exd5 cxd5 4. c4 Nf6 5. Nc3 Nc6 6. Bg5 Qa5 7. Qd2 Be6 8. c5
Ne4 9. Nxe4 dxe4 10. Qxa5 Nxa5 11. Bb5+ Nc6 12. Ne2 O-O-O 13. O-O Nxd4 14. Nxd4
Rxd4 15. Rfd1 Rb4 16. a4 Bg4 17. Rd2 h6 18. Bf4 f6 19. c6 e5 20. Be3 b6 21. Rc1
Bc5 22. h3 Be6 23. Bxc5 bxc5 24. Rd6 Bf5 25. g4 Kc7 26. Rcd1 Bc8 27. Rd7+ Kb6
28. Rxg7 Rd4 29. Rc1 a6 30. Bf1 Kxc6 31. Rf7 f5 32. Rf6+ Rd6 33. Rxd6+ Kxd6 34.
Rd1+ Kc6 35. gxf5 Rg8+ 36. Kh2 Rf8 37. Kg1 Rxf5 38. Rd8 Bb7 39. Bg2 Rf6 40. Rd3
Rg6 41. Re3 Kd5 42. Rd3+ Kc4 43. Rc3+ Kd4 44. Kh2 c4 45. Bf1 Bd5 46. Rc2 Rb6
47. Rd2+ Kc5 48. Be2 Rb3 49. Bg4 a5 50. Bd7 e3 51. fxe3 Rxe3 52. Bg4 Bc6 53.
Kg1 Bxa4 54. Kf2 Rd3 55. Re2 Kd4 56. Bf5 Rb3 57. Rd2+ Kc5 58. h4 Bc6 59. Bg4 e4
60. Rc2 e3+ 61. Ke1 Kd4 62. Bf5 Bf3 63. Be6 Bd5 64. Bf5 c3 65. bxc3+ Rxc3 66.
Rxc3 Kxc3 67. Ke2 Kd4 68. Bc2 Bc4+ 69. Ke1 Kc3 0-1